000 00652nam a2200217 a 4500
001 5909
003 BD-RjUL
005 20211208234143.0
008 14 r19671958nyu b 001 0 eng
035 _a(BD-RjUL)5948
040 _aBD-RjUL
_beng
_cBD-RjUL
_dBD-RjUL
041 _aeng
082 0 4 _216
_a364
_bVOT 1967
100 1 _aVold, George B.
_q(George Bryan),
_d1896-1967.
_918576
245 1 0 _aTheoretical criminology /
_cGeorge B. Vold.
260 _aNew York ;
_aOxford :
_bOxford University Press,
_c1958 [printing 1967].
300 _axi, 334 p. ;
_c25 cm.
504 _aIncludes index.
650 0 _aCriminal anthropology
_915033
942 _2ddc
_cBK
999 _c5909
_d5909